Central Library || Chittagong University

The A-Z of social research: (Record no. 101286)

MARC details
000 -LEADER
fixed length control field 00653nam a2200229 a 4500
001 - CONTROL NUMBER
control field 101286
003 - CONTROL NUMBER IDENTIFIER
control field BD-ChCU
005 - DATE AND TIME OF LATEST TRANSACTION
control field 20230204170753.0
008 - FIXED-LENGTH DATA ELEMENTS--GENERAL INFORMATION
fixed length control field 003s2019 a-uk b 002 eng
020 ## - INTERNATIONAL STANDARD BOOK NUMBER
International Standard Book Number 0 7619 7132 7
040 ## - CATALOGING SOURCE
Original cataloging agency DLC
Transcribing agency DLC
Modifying agency BD-ChCU
082 00 - DEWEY DECIMAL CLASSIFICATION NUMBER
Classification number 300.72/M647a
100 1# - MAIN ENTRY--PERSONAL NAME
Personal name Miller, Robert L.
Titles and words associated with a name
245 00 - TITLE STATEMENT
Title The A-Z of social research:
Statement of responsibility, etc. a dictionary of key social science research concepts
-- Robert L. Miller
250 ## - EDITION STATEMENT
Edition statement
260 ## - PUBLICATION, DISTRIBUTION, ETC.
Place of publication, distribution, etc. London
Date of publication, distribution, etc. Sage
-- 2003
300 ## - PHYSICAL DESCRIPTION
Extent 345p.
504 ## - BIBLIOGRAPHY, ETC. NOTE
Bibliography, etc. note Includes index bibliog glossary
650 #0 - SUBJECT ADDED ENTRY--TOPICAL TERM
Topical term or geographic name entry element Social science - research.
Location of event Social science
700 1# - ADDED ENTRY--PERSONAL NAME
Personal name
942 ## - ADDED ENTRY ELEMENTS (KOHA)
Source of classification or shelving scheme Dewey Decimal Classification
Koha item type Books
Holdings
Withdrawn status Lost status Source of classification or shelving scheme Damaged status Not for loan Home library Current library Date acquired Source of acquisition Total Checkouts Full call number Barcode Date last seen Date last checked out Copy number Price effective from Koha item type
    Dewey Decimal Classification     Chittagong University Library Chittagong University Library 11/11/2019 Purchase 1 300.72/A111 116204 03/02/2025 11/27/2024 1 11/11/2019 Books
    Dewey Decimal Classification     Chittagong University Library Chittagong University Library 11/11/2019 Purchase   300.72/A111 116205 11/11/2019   2 11/11/2019 Books
© Copyright 2025. Chittagong University Library, Installation and Maintenance by Prof. Dr. Md. Alamgir, 01711306253